Dr. Swing 1939-1944 /

Hlavní autor: Kavka, Arnošt, 1917-1994
Korporativní autor: Sestry Allanovy (hudební skupina)
Další autoři: Orchestr Karla Vlacha
Jazyk: Čeština
Vydáno: Praha : Ultraphon, p1986, c1993
Témata:
Fyzický popis: 1 CD ; 12 cm + 1 složený list.
Zvukové nahrávky
Uloženo v:
LEADER 01625njm a2200493 a 4500
001 000266731
003 CZ BrMZK
005 19950101143423.0
008 950101s1993 xr f cze d
028 0 3 |a 10 4178-2 301  |b Ultraphon 
040 |a BOA001  |b cze 
080 |a 784.4"19"(086.7)  |2 MRF 
100 1 |a Kavka, Arnošt,  |d 1917-1994  |7 jn20000401314  |4 prf 
245 1 0 |a Dr. Swing  |h [zvukový záznam] :  |b 1939-1944 /  |c Arnošt Kavka. 
246 3 3 |a Vlající šátek 
246 3 3 |a Vpravo-vlevo 
246 3 3 |a Vyznání písní 
246 3 3 |a Doktor Swing 
246 3 3 |a Hm-hm 
246 3 3 |a Hodiny spí 
246 3 3 |a Hudba kolem nás 
246 3 3 |a Jako loňský sníh 
246 3 3 |a Jen tys moje láska 
246 3 3 |a Kdy, kde 
246 3 3 |a Mám život hrozně rád 
246 3 3 |a Měsíc to zavinil 
246 3 3 |a Pokouším se zapomenout 
246 3 3 |a Povím to tancem 
246 3 3 |a Ráj pro nás 
246 3 3 |a Ty spíš 
260 |a Praha :  |b Ultraphon,  |c p1986, c1993 
300 |a 1 CD ;  |c 12 cm +  |e 1 složený list. 
306 |a 004832 
500 |a Durata 48:32 
500 |a Nahr. 1939-44 
505 2 |a Doktor Swing, Hm-hm, Hodiny spí ... [et al.] 
511 0 |a Sestry Allanovy; Karel Vlach se svým orchestrem 
653 0 |a populární hudba  |a populární písně  |a swing 
710 2 |a Sestry Allanovy (hudební skupina)  |7 kn20010724730 
710 2 |a Orchestr Karla Vlacha  |7 kn20010710270  |4 prf 
910 |a BOA001  |b CD-0001.834 
964 |a Hudba populární  |z stol.20.,pol.1.  |x CD 
990 |a AV 
996 6 |b 261H001867  |c CD-0001.834  |l MZK  |r Sklad / do 24 hodin  |n 0  |w 000266731  |u 000010  |a 1  |e BOA001  |j MZK50  |s P